| 000 | 02764cam a22003977a 4500 | ||
|---|---|---|---|
| 001 | 17240452 | ||
| 003 | OSt | ||
| 005 | 20230921162804.0 | ||
| 008 | 120403s2012 enkabj b 001 0 eng d | ||
| 010 | _a 2011277054 | ||
| 015 |
_aGBB1A0227 _2bnb |
||
| 015 |
_aGBB1A0227 _2dnb |
||
| 016 | 7 |
_a015875313 _2Uk |
|
| 020 | _a9781848857261 (hbk.) | ||
| 020 | _a1848857268 (hbk.) | ||
| 035 | _a(OCoLC)ocn751754682 | ||
| 040 |
_aUKMGB _beng _cUKMGB _dDEBBG _dYDXCP _dOUN _dBWX _dNDD _dOBE _dMUU _dDLC |
||
| 042 | _alccopycat | ||
| 050 | 0 | 0 |
_aDS461 _b.B25 2012 |
| 082 | 0 | 4 |
_a954.025 _bBAL/I |
| 100 | 1 |
_aBalabanlilar, Lisa, _d1958- _99566 |
|
| 245 | 1 | 0 |
_aImperial identity in the Mughal Empire : _bmemory and dynastic politics in early modern South and Central Asia / _cLisa Balabanlilar. |
| 260 |
_aLondon ; _aNew York : _bI.B. Tauris ; _aNew York : _bdistributed in the United States and Canada exclusively by Palgrave Macmillan, _c2012. |
||
| 300 |
_axix, 216 p. : _bill., maps ; _c23 cm. |
||
| 490 | 1 |
_aLibrary of South Asian history and culture ; _vv. 1 |
|
| 504 | _aIncludes bibliographical references (p. [192]-209) and index. | ||
| 505 | 0 | _aTimurid political charisma and the ideology of rule -- Babur and the Timurid exile -- Dynastic memory and the genealogical cult -- The peripatetic court and the Timurid-Mughal landscape -- Legitimacy, restless princes and the imperial succession -- Imagining Kingship. | |
| 520 |
_a"Having monopolized Central Asian politics and culture for over a century, the Timurid ruling elite was forced from its ancestral homeland in Transoxiana at the turn of the sixteenth century by an invading Uzbek tribal confederation. The Timurids travelled south: establishing themselves as the new rulers of a region roughly comprising modern Afghanistan, Pakistan and northern India, and founding what would become the Mughal Empire (1526-1857). The last survivors of the House of Timur, the Mughals drew invaluable political capital from their lineage, which was recognized for its charismatic genealogy and court culture - the features of which are examined here. By identifying Mughal loyalty to Turco-Mongol institutions and traditions, Lisa Balabanlilar here positions the Mughal dynasty at the centre of the early modern Islamic world as the direct successors of a powerful political and religious tradition." -- _cProvided by publisher. |
||
| 650 | 0 |
_aTimurids _xHistory. |
|
| 651 | 0 |
_aMogul Empire _xHistory. |
|
| 651 | 0 |
_aIndia _xHistory _y1526-1765. |
|
| 830 | 0 |
_aLibrary of South Asian history and culture ; _vv. 1. |
|
| 906 |
_a7 _bcbc _ccopycat _d2 _encip _f20 _gy-gencatlg |
||
| 942 |
_2ddc _cBK _h954.025 _iBAL/I _k954.025 _mBAL/I |
||
| 999 |
_c42212 _d42212 |
||